000 00689nam a2200253Ia 4500
003 OSt
005 20221007112223.0
006 a|||||r|||| 00| 0
007 ta
008 221006b |||||||| |||| 00| 0 eng d
024 _a25,416
037 _cTextual
040 _aLCO
_cLCO
_beng
041 _2eng
_aeng
082 _aY15OaZ, Q1
100 _aNair G. Rajasekharan
_9708711
245 0 _aGender Justice Under Indian Criminal Justice System
250 _a1st
260 _aNew
_bDelhi Eastern Law house India
_c2011
300 _a472
650 _aGENDER JUSTTICE
_9708712
942 _hY15OaZ, Q1
_cTEXL
999 _c1194979
_d1194979